1904 1303 1633 1510 1164 1388 1377 1161 1233 1823 1412 1281 1271 1571 1438 1986 1479 1988 1074 1791 1655 1756 1623 1817 1307 1548 1332 1338 1140 1535 1013 1920 1809 1605 1405 1122 1575 1092 1795 1053 1549 1820 1431 1484 1067 1150 1540 1573 1978 1231 1573 1443 1230 1345 1445 1125 1000 1875 1103 1004 1379 1250 1225 1266 1000 1587 1851 1722 1566 1105 1466 1005 1176 1900 1239 1451 1059 1537 1525 1488 1301 1099 1104 1232 1889 1682 1569 1822 1567 1025 1626 1425 1178 1970 1767 1228 1533 1220 1149 BCNSPRNW ULIB Ver.6.0+V

เปลี่ยนเป็นภาษาไทย

Change to English
 แสดงรายละเอียดบรรณานุกรม
  กลับหน้าหลัก

Brief Record : Get Marc (ISO 2709) : E-mail record : QR code < ปิดหน้าต่าง
LEADER : 00000nam 2200000uu 4500
001    13399125518
003     ULIB
008    170621s2558||||th 000 0 tha d
020    ^a9786164063730
060 04 ^aWM171^bส873ต
245 00 ^aตำราโรคซึมเศร้า /^cสุวรรณา อรุณพงศ์ไพศาล, สรยุทธ วาสิกนานนท์,บรรณาธิการ
246 3  ^aTextbook of depressive disorders
250    ^aพิมพ์ครั้งที่ 1
260    ^aขอนแก่น :^bคลังนานาวิทยา,^c2558.
300    ^aก-ณ, 507 หน้า :^bภาพประกอบ ;^c26 ซม.
505 0  ^a... ประวัติความเป็นมาของโรคซึมเศร้า ... ระบาดวิทยาของโรคซึมเศร้า ... ปัจจัยที่เกี่ยวของกับการเกิดโรคซึมเศร้า ... อาการและอาการแสดงของโรคซึมเศร้า ... การคัดกรองและการประเมินทางคลินิกในโรคซึมเศร้า ... การวินิจฉัยโรคและการวินิจฉัยแยกโรคซึมเศร้า ... การดำเนินโรคและการพยากรณ์โรคซึมเศร้า ... หลักทั่วไปในการรักษา ... จิตเภสัชบำบัดวิทยาของยารักษาโรคซึมเศร้า ยารุ่นแรก ... จิตเภสัชบำบัดวิทยาของยารักษาโรคซึมเศร้า ยารุ่นสอง ... จิตเภสัชบำบัดวิทยาของยารักษาโรคซึมเศร้าตัวใหม่ อะโลเมลาทีน ... การกระตุ้นสมองเพื่อรักษาโรคซึมเศร้า ... การรักษาด้วยยากระตุ้นให้ชักด้วยไฟฟ้าเพื่อรักษาโรคซึมเศร้า ... การรักษาด้วยแสงในผู้ป่วยโรคซึมเศร้า ... จิตบำบัดในผู้ป่วยโรคซึมเศร้า ... การบำบัดด้วยการปรับเปลี่ยนแนวความคิดสำหรับผู้ป่วยโรคซึมเศร้า ... จิตสังคมบำบัดในผู้ป่วยโรคซึมเศร้า ... โรคซึมเศร้าในผู้สูงอายุ ... โรคซึมเศร้าที่ดื้อต่อการรักษา ... การพัฒนาระบบบริการสุขภาพเพื่อแก้ปัญหาและป้องกันความสูญเสียเนื่องจากโรคซึมเศร้าในประเทศไทย
650  2 ^aDepressive Disorder
650  4 ^aโรคซึมเศร้า
700 0  ^aสุวรรณา อรุณพงศ์ไพศาล,^eบรรณาธิการ
700 0  ^aสรยุทธ วาสิกนานนท์,^eบรรณาธิการ
710 2  ^aสมาคมจิตแพทย์แห่งประเทศไทย
856    ^a^zTable of Contents (Content)^uhttp://118.174.31.60:80/ULIB//_fulltext/Content/129200/20160916090521_123.pdf
945    ^p0^l0^i002345
945    ^p0^l0^i002346
945    ^p0^l0^i002347
999    ^aวรรณษา ชูชัยมงคล
รายการนี้ยังไม่มีแท็ก
คุณยังไม่ได้ล็อกอิน คุณสามารถมีกิจกรรมร่วมกับเว็บไซต์ได้ แต่ต้องล็อกอินก่อน ::
  ล็อกอิน

รายการสื่อสารสนเทศ

ลำดับที่ ประเภท เลขเรียก/บาร์โค้ด สถานที่ สถานะ
1. วิทยาศาสตร์การแพทย์ และสุขภาพ
วิทยาศาสตร์การแพทย์ และสุขภาพ
สถานะ=หนังสือเก่า
WM171 ส873ต ฉ.1 
  Barcode: 002345
ห้องสมุดวิทยาเขตสวรรค์ประชารักษ์
►ส่วนจัดเก็บหนังสือเก่า สปร
บนชั้น
  ขอยืม
2. วิทยาศาสตร์การแพทย์ และสุขภาพ
วิทยาศาสตร์การแพทย์ และสุขภาพ
สถานะ=หนังสือเก่า
WM171 ส873ต ฉ.2 
  Barcode: 002346
ห้องสมุดวิทยาเขตสวรรค์ประชารักษ์
►ส่วนจัดเก็บหนังสือเก่า สปร
บนชั้น
  ขอยืม
3. วิทยาศาสตร์การแพทย์ และสุขภาพ
วิทยาศาสตร์การแพทย์ และสุขภาพ
สถานะ=หนังสือเก่า
WM171 ส873ต ฉ.3 
  Barcode: 002347
ห้องสมุดวิทยาเขตสวรรค์ประชารักษ์
►ส่วนจัดเก็บหนังสือเก่า สปร
บนชั้น
  ขอยืม

รายการใกล้เคียง
    หัวเรื่อง [Depressive Disorder]
    หัวเรื่อง [โรคซึมเศร้า]

BibComment


ยังไม่เคยถูกคอมเมนท์

คอมเมนท์ทรัพยากรรายการนี้
  คอมเมนท์: ตำราโรคซึมเศร้า ..


 Copyright 2026. Bcnsprnw @Library